000 00275nam a2200121 a 4500
008 090929s1978|||| d
100 1 _aAndruška, P.
245 1 0 _aNepoviem nikomu
260 _bMladé letá
_aBratislava
_c1978
041 _aslo
044 _axo
_cSK
020 _c17
999 _c220
_d220